Statistics for Countries that have had the most wars

Click here to take the quiz!

General Stats

  • This quiz has been taken 59 times
  • The average score is 19 of 25

Answer Stats

WarsAnswer% Correct
101United States
100%
300+Spain
98%
250+France
96%
57Germany
96%
75Russia
96%
180United Kingdom
96%
44Italy
94%
115Poland
92%
104Iran
90%
43Mexico
90%
148India
88%
49Egypt
86%
35Canada
84%
33Iraq
80%
64Sweden
80%
115Austria
78%
78Brazil
76%
66Denmark
72%
90Argentina
70%
190Hungary
68%
61Afghanistan
58%
38Bulgaria
46%
67Nigeria
30%
42North Korea
30%
110Phillippines
28%

Score Distribution

Percentile by Number Answered

Percent of People with Each Score

Your Score History

You have not taken this quiz